Hodnotenie a predikcia finančného stavu SE, a.s. Atómové elektrárne Bohunice, z. Jaslovské Bohunice : Diplomová práca

Gespeichert in:
Bibliographische Detailangaben
1. Verfasser: Dršková, Tatiana (Verfasst von)
Weitere Verfasser: Mulíková, Dagmar, 1956- (xxx)
Format: Manuskript Buch
Sprache:Slowakisch
Veröffentlicht: Trnava : STU v Bratislave MtF KPIM, 2005
Schlagworte:
Tags: Tag hinzufügen
Keine Tags, Fügen Sie das erste Tag hinzu!

MARC

LEADER 00000ntm a22000003a 4500
001 stu94549
005 20160719154503.6
008 050620s2005----xo------------------slo-d
040 |a STU  |b slo 
041 0 |a slo 
044 |a xo 
100 1 |a Dršková, Tatiana  |4 aut 
245 1 |a Hodnotenie a predikcia finančného stavu SE, a.s. Atómové elektrárne Bohunice, z. Jaslovské Bohunice :  |b Diplomová práca 
260 |a Trnava :  |b STU v Bratislave MtF KPIM,  |c 2005 
300 |a 74 s  |c príl (1 disketa) 
650 7 |a priemyselné inžinierstvo a manažment  |2 stusub 
650 7 |a finančná analýza podniku  |2 stusub 
700 1 |a Mulíková, Dagmar,  |d 1956-  |4 xxx  |u M  |T MTF Materiálovotechnologická fakulta  |X 4403  |U M  |Y 60  |7 A000004403 
996 |b 284M052167  |c M*DP-5642  |l MMSKP  |s P  |a 0  |w stu94549_0001